Cisco networking for dummies

Saved in:
Bibliographic Details
Main Author: Gilster, Ron
Other Authors: Ulstad, Kevin
Format: Book
Language:Greek
Published: Foster City, CA : IDG Books Worldwide, c2000
Series:For dummies
Subjects:
Tags: Add Tag
No Tags, Be the first to tag this record!

MARC

LEADER 00000cam a2200000 i 4500
001 1/4032
008 100202s2000 gre d
020 |a 0-7645-0740-0 
035 |l 10106590 
040 |a GR-MY-UA  |b gre  |e aacr 
041 0 |a gre 
082 0 |a 004.62  |2 (22) 
100 1 |a Gilster, Ron. 
245 1 0 |a Cisco networking for dummies /  |c Ron Gilster and Kevin Ulstad 
260 |a Foster City, CA :   |b IDG Books Worldwide,   |c c2000 
300 |a xxiv, 446 σ.;  |b εικ.;  |c 24 εκ. 
490 1 |a ...For dummies 
504 |a Περιέχει ευρετήριο 
650 0 0 |a Computer networks. 
700 1 |a Ulstad, Kevin. 
830 0 |a For dummies 
852 |a INST  |b SAMOS  |e 20100202  |h 004.62 GIL  |p 005300030716  |q 005300030716  |t BK  |y 0 
901 |a BIBL3-2010-1 
909 |a Σ  |b 158684 
970 |a ΡΟΥΣΣΟΥ  |b ΚΩΝΣΤΑΝΤΙΝΑ  |z 2010/02/02